000 00338nam a22001457a 4500
008 231012b ||||| |||| 00| 0 eng d
020 _a9780748406456
041 _aeng
080 _a521
082 _a521BOT
100 _a19
101 _aASTRO
245 _aMODERN COSMOLOGICAL OBSERVATIONS AND PROBLEMS
_cBOTHUN.G
942 _2udc
_cBK
999 _c60430
_d60430